书目信息 |
| 题名: |
空气颗粒物中多环芳烃来源解析技术与应用
|
|
| 作者: | 彭林 , 常丽萍 著 | |
| 分册: | ||
| 出版信息: | 北京 煤炭工业出版社 2006 |
|
| 页数: | 227页 | |
| 开本: | 21cm | |
| 丛书名: | ||
| 单 册: | ||
| 中图分类: | X513 | |
| 科图分类: | ||
| 主题词: | 空气污染--粒状污染物--多环芳烃--研究 , 空气污染 , 粒状污染物 , 多环芳烃 | |
| 电子资源: | ||
| ISBN: | 7-5020-2811-0 | |
| 000 | 01079nam0 2200277 45 | |
| 001 | 1050786656 | |
| 005 | 20100420101146.73 | |
| 010 | @a7-5020-2811-0@dCNY23.00 | |
| 100 | @a20100408d2006 em y0chiy0120 ea | |
| 101 | 0 | @achi |
| 102 | @aCN@b110000 | |
| 105 | @ay z 000yy | |
| 106 | @ar | |
| 200 | 1 | @a空气颗粒物中多环芳烃来源解析技术与应用@AKong Qi Ke Li Wu Zhong Duo Huan Fang Ting Lai Yuan Jie Xi Ji Shu Yu Ying Yong@f彭林,常丽萍著@FPeng Lin, Chang Li Ping Zhu |
| 210 | @a北京@c煤炭工业出版社@d2006 | |
| 215 | @a227页@d21cm | |
| 330 | @a本书内容包括:大气污染概述、空气颗粒物及其载带的多环芳烃污染概述、空气颗粒物中多环芳烃样品的采集和分析方法,空气颗粒物中多环芳烃来源的定性解析方法、化学质量平衡模型解析空气颗粒物中多环芳烃的来源,稳定碳同位素技术在环境科学中的应用等。 | |
| 606 | 0 | @a空气污染@x粒状污染物@x多环芳烃@x研究 |
| 606 | 0 | @a空气污染 |
| 606 | 0 | @a粒状污染物 |
| 606 | 0 | @a多环芳烃 |
| 690 | @aX513@v4 | |
| 701 | 0 | @a彭林@APeng Lin@4著 |
| 701 | 0 | @a常丽萍@AChang Li Ping@4著 |
| 801 | 0 | @aCN@bTANGWEI@c20100420 |
| 905 | @b0590449-51@dX513@e100@f3 | |
| 空气颗粒物中多环芳烃来源解析技术与应用/彭林,常丽萍著.-北京:煤炭工业出版社,2006 |
| 227页;21cm |
| ISBN 7-5020-2811-0:CNY23.00 |
| 本书内容包括:大气污染概述、空气颗粒物及其载带的多环芳烃污染概述、空气颗粒物中多环芳烃样品的采集和分析方法,空气颗粒物中多环芳烃来源的定性解析方法、化学质量平衡模型解析空气颗粒物中多环芳烃的来源,稳定碳同位素技术在环境科学中的应用等。 |
| ● |
| 相关链接 |
|
|
|
|
正题名:空气颗粒物中多环芳烃来源解析技术与应用
索取号:X513/100
 
预约/预借
| 序号 | 登录号 | 条形码 | 馆藏地/架位号 | 状态 | 备注 |
| 1 | 0590449 | 205904495 | 第二样本阅览室/ [索取号:X513/100] | 在馆 | |
| 2 | 0590450 | 205904501 | 密集书库-生命科学系/ [索取号:X513/100] | 在馆 | |
| 3 | 0590451 | 205904510 | 第三借阅区/ [索取号:X513/100] | 在馆 |